[Event "Solingen-ch 2014"]
[Site "Solingen"]
[Date "2014.09.26"]
[Round "2.10"]
[White "Pentz, Jörg"]
[Black "Ferger, Jürgen"]
[Result "1-0"]
[WhiteElo "1946"]
[BlackElo "1822"]
[PlyCount "145"]
[EventDate "2014.??.??"]
[WhiteTeam "vereinslos"]
[BlackTeam "SG Solingen"]

1. e4 d6 2. d4 Nf6 3. Nc3 g6 4. Be3 Bg7 5. Qd2 Ng4 6. Bg5 h6 7. Bh4 Nd7 8. Be2
Ngf6 9. f4 c5 10. d5 Nb6 11. a4 Nh7 12. a5 Nd7 13. Nf3 a6 14. O-O O-O 15. Bd3
b6 16. axb6 Qxb6 17. Na4 Qc7 18. c4 Nb6 19. Nxb6 Qxb6 20. e5 Ra7 21. Qc2 Bg4
22. e6 Qxb2 23. exf7+ Rxf7 24. Qxb2 Bxb2 25. Rab1 Bc3 26. Bxg6 Rxf4 27. Bg3 Rf6
28. Nh4 Bd4+ 29. Kh1 Kg7 30. Bd3 Rxf1+ 31. Rxf1 Nf6 32. h3 Bd7 33. Nf3 Bc3 34.
Be1 Bb2 35. Ba5 Nh5 36. Kh2 e5 37. dxe6 Bxe6 38. Rb1 Rb7 39. Rxb2 Rxb2 40. Bc3+
Kf7 41. Bxb2 Nf4 42. Bf1 a5 43. g3 Ng6 44. Bd3 Ne7 45. Nd2 Nc6 46. Be4 Nb4 47.
Kg2 d5 48. cxd5 Nxd5 49. Bxd5 Bxd5+ 50. Kf2 Ke6 51. Ke3 h5 52. Ba3 Bg2 53. h4
Kd5 54. Kd3 a4 55. Nb1 Bf1+ 56. Kc3 Bb5 57. Nd2 Be2 58. Bc1 Bb5 59. Nb1 Ba6 60.
Kb2 Kc4 61. Be3 Kb4 62. Bd2+ Kc4 63. Kc2 Kd4 64. Na3 Bd3+ 65. Kb2 Be2 66. Nb1
Kd3 67. Bf4 Bd1 68. Bd6 Kd4 69. Na3 Kd3 70. Bxc5 Bb3 71. Nb1 Bc2 72. Nc3 Bb3
73. Bb4 1-0

[Event "Solingen-ch 2014"]
[Site "Solingen"]
[Date "2014.09.26"]
[Round "2.11"]
[White "Mentzel, Markus"]
[Black "Rosenauer, Horst"]
[Result "0-1"]
[WhiteElo "1952"]
[BlackElo "1951"]
[PlyCount "104"]
[EventDate "2014.??.??"]
[WhiteTeam "SG Solingen"]
[BlackTeam "Bergische SF"]

1. c4 e5 2. g3 Nc6 3. Nc3 Bb4 4. Bg2 Nf6 5. Nd5 O-O 6. Nxb4 Nxb4 7. a3 Nc6 8.
d3 Re8 9. e4 d6 10. Ne2 Bg4 11. f3 Bd7 12. Be3 a5 13. O-O a4 14. b4 axb3 15.
Qxb3 Na5 16. Qc3 h6 17. h3 Nh7 18. Kh2 c5 19. Rfb1 Ra7 20. Nc1 Nf8 21. f4 Qc7
22. f5 f6 23. Bf3 Nc6 24. Bd1 Rea8 25. Qb2 Be8 26. Ne2 Nd4 27. Nxd4 cxd4 28.
Bc1 Nd7 29. Qd2 Nc5 30. Rb4 Kf8 31. Rab1 Ke7 32. Rb6 Ra6 33. Rxa6 Rxa6 34. Bc2
Qa5 35. Rb4 Kd8 36. Kg2 Kc7 37. Kf2 b5 38. cxb5 Bxb5 39. Bb1 Ra7 40. Kf3 Qa6
41. Qa2 Bxd3 42. Qf7+ Nd7 43. Qb3 Bf1 44. Qc2+ Nc5 45. Qa2 Qc6 46. Bd2 Bxh3 47.
Qf7+ Qd7 48. Qc4 h5 49. Bc1 Bg4+ 50. Kf2 Qe8 51. Rb5 Qc6 52. Qf7+ Nd7 0-1

[Event "Solingen-ch 2014"]
[Site "Solingen"]
[Date "2014.09.26"]
[Round "2.12"]
[White "Große-Hering, Peter"]
[Black "Sherif, Malik"]
[Result "1-0"]
[WhiteElo "1936"]
[BlackElo "1454"]
[PlyCount "53"]
[EventDate "2014.??.??"]
[WhiteTeam "SV Horst-Emscher"]
[BlackTeam "SG Solingen"]

1. e4 e5 2. Nf3 Nc6 3. Bc4 Bc5 4. c3 d6 5. h3 Nf6 6. d3 h6 7. Bb3 O-O 8. Nbd2
Re8 9. Nf1 Be6 10. Bc2 Ne7 11. g4 Nh7 12. Ng3 Ng6 13. Nf5 Bxf5 14. gxf5 Nh4 15.
Rg1 Nxf3+ 16. Qxf3 Qf6 17. Bb3 Kf8 18. Bd2 Ke7 19. Qh5 Rf8 20. Rg2 Kd7 21.
O-O-O Ke7 22. Rdg1 Rg8 23. Bxh6 Bxf2 24. Rxg7 Be3+ 25. Kc2 Rxg7 26. Bxg7 Bxg1
27. Bxf6+ 1-0

[Event "Solingen-ch 2014"]
[Site "Solingen"]
[Date "2014.09.26"]
[Round "2.13"]
[White "Ehringfeld, Michael"]
[Black "Porstmann, Jan"]
[Result "0-1"]
[WhiteElo "1428"]
[BlackElo "1875"]
[PlyCount "88"]
[EventDate "2014.??.??"]
[WhiteTeam "SG Solingen"]
[BlackTeam "SG Solingen"]

1. d4 d5 2. Nf3 e6 3. c4 Nf6 4. Nc3 Be7 5. Qc2 Nbd7 6. cxd5 exd5 7. e3 c6 8.
Bd3 Qc7 9. Bd2 Rb8 10. Rc1 Nf8 11. O-O Ng6 12. Rfe1 O-O 13. Bxg6 fxg6 14. Qb3
Be6 15. e4 Rbd8 16. e5 Nh5 17. Ng5 Qd7 18. Nxe6 Qxe6 19. Ne4 Qf7 20. Bb4 Bxb4
21. Qxb4 dxe4 22. Qb3 Qxb3 23. axb3 Rxd4 24. Rc4 Rfd8 25. g3 Rxc4 26. bxc4 Rd4
27. b3 Kf7 28. Kg2 g5 29. f3 Rd2+ 30. Kh3 exf3 31. Kg4 f2 32. Rf1 g6 33. Kf3
Ke6 34. Ke3 Rb2 35. Kd4 Ng7 36. Kc3 Re2 37. Kd3 Ra2 38. Kd4 Nf5+ 39. Ke4 Re2+
40. Kd3 Rb2 41. Kc3 Ne3 42. Rh1 Rxb3+ 43. Kxb3 f1=Q 44. Rxf1 Nxf1 0-1

[Event "Solingen-ch 2014"]
[Site "Solingen"]
[Date "2014.09.26"]
[Round "2.14"]
[White "Barche, Robert"]
[Black "Fränzel, Dr. Marius"]
[Result "0-1"]
[WhiteElo "1350"]
[BlackElo "1840"]
[PlyCount "58"]
[EventDate "2014.??.??"]
[WhiteTeam "SG Solingen"]
[BlackTeam "SG Solingen"]

1. c4 e5 2. g3 Nf6 3. Bg2 c6 4. d4 exd4 5. Qxd4 Na6 6. Nf3 Bc5 7. Qe5+ Qe7 8.
Qxe7+ Kxe7 9. O-O Nb4 10. Nc3 h6 11. Bf4 Re8 12. a3 Na6 13. b4 Bd6 14. Ne5 g5
15. e3 gxf4 16. exf4 Kf8 17. Rfe1 Bc7 18. Ne4 Nxe4 19. Rxe4 d6 20. Nd3 Bf5 21.
Rd4 Bb6 22. c5 dxc5 23. bxc5 Nxc5 24. Nxc5 Bxc5 25. Rc4 Bb6 26. Rd1 Re2 27. Rf1
Ra2 28. Rc3 Rd8 29. Bf3 Rdd2 0-1

[Event "Solingen-ch 2014"]
[Site "Solingen"]
[Date "2014.09.26"]
[Round "2.15"]
[White "Falge, Rainer"]
[Black "Mix, Lothar"]
[Result "1-0"]
[WhiteElo "1721"]
[BlackElo "1293"]
[PlyCount "91"]
[EventDate "2014.??.??"]
[WhiteTeam "SG Solingen"]
[BlackTeam "SG Solingen"]

1. e4 c5 2. Nf3 Nc6 3. d4 cxd4 4. Nxd4 e6 5. Nf3 Be7 6. Bd3 h5 7. Nc3 a6 8. a3
Na7 9. Be3 d6 10. Qd2 Bd7 11. Rc1 Nh6 12. h3 f6 13. Nh4 g5 14. Ng6 Rg8 15. Nxe7
Qxe7 16. Be2 Nf7 17. Bxa7 Rxa7 18. Bxh5 Kd8 19. Qd4 Ra8 20. Qb6+ Ke8 21. Rd1
Bc6 22. f3 Kf8 23. Bxf7 Kxf7 24. Kf2 Rg6 25. Rd2 Rag8 26. Rhd1 Rd8 27. b4 f5
28. exf5 exf5 29. Nd5 Bxd5 30. Rxd5 g4 31. Rxf5+ Kg7 32. hxg4 Qh4+ 33. Kf1 Qh1+
34. Qg1 Rh8 35. Qxh1 Rxh1+ 36. Ke2 Re6+ 37. Kd2 Rh2 38. Rg1 Kg6 39. Rh5 Rxh5
40. gxh5+ Kxh5 41. Re1 Rg6 42. Re2 Kh4 43. Kd3 Rg5 44. Re4+ Kh5 45. Rg4 Re5 46.
Re4 1-0

[Event "Solingen-ch 2014"]
[Site "Solingen"]
[Date "2014.09.26"]
[Round "2.16"]
[White "Möller, Laura"]
[Black "Nink, Niklas"]
[Result "1-0"]
[WhiteElo "1163"]
[BlackElo "1712"]
[PlyCount "63"]
[EventDate "2014.??.??"]
[WhiteTeam "SG Solingen"]
[BlackTeam "SG Solingen"]

1. c4 e5 2. Nc3 f5 3. g3 Nf6 4. Bg2 Bb4 5. e3 O-O 6. Nge2 Qe8 7. O-O Nc6 8. d4
d6 9. Nd5 Kh8 10. Nxc7 Qd8 11. Nxa8 Qe7 12. a3 Ba5 13. b4 Bd8 14. d5 Nb8 15.
Nc3 b6 16. Nb5 a6 17. Nc3 Bb7 18. Nxb6 Bxb6 19. e4 fxe4 20. Nxe4 Nbd7 21. a4
Nxe4 22. Bxe4 Nf6 23. Bg5 Qc7 24. Bxf6 Rxf6 25. Rc1 Rh6 26. a5 Bd4 27. Qa4 Qd8
28. c5 Bc8 29. cxd6 Bd7 30. Qb3 Bh3 31. Bg2 Qd7 32. Rc7 1-0

[Event "Solingen-ch 2014"]
[Site "Solingen"]
[Date "2014.09.26"]
[Round "2.17"]
[White "Bauer, Matthias"]
[Black "Schubert, Stefan"]
[Result "1-0"]
[WhiteElo "1692"]
[BlackElo "1185"]
[PlyCount "77"]
[EventDate "2014.??.??"]
[WhiteTeam "SV Günnigfeld"]
[BlackTeam "SG Solingen"]

1. e4 e5 2. Nf3 d6 3. Nc3 c6 4. Bc4 Bg4 5. d3 b5 6. Bb3 Be7 7. Be3 a5 8. a3 Nd7
9. Qe2 h6 10. h3 Bxf3 11. Qxf3 Ngf6 12. Ne2 Nb6 13. Ng3 g6 14. h4 h5 15. Bg5 d5
16. exd5 Nbxd5 17. Ne4 Nxe4 18. Bxe7 Kxe7 19. dxe4 Nf6 20. O-O Qc7 21. Rad1
Rad8 22. Qe3 Rxd1 23. Rxd1 Rd8 24. Qc5+ Ke8 25. Rxd8+ Kxd8 26. Qf8+ Ne8 27.
Bxf7 Qe7 28. Qxe8+ Qxe8 29. Bxe8 Kxe8 30. f3 Ke7 31. Kf2 Kf6 32. g3 c5 33. Ke3
Ke6 34. g4 c4 35. g5 c3 36. b3 Kd6 37. Kd3 b4 38. axb4 axb4 39. Kc4 1-0

[Event "Solingen-ch 2014"]
[Site "Solingen"]
[Date "2014.09.26"]
[Round "2.19"]
[White "Reif, Frank"]
[Black "Littek, Oliver"]
[Result "1-0"]
[WhiteElo "1752"]
[BlackElo "972"]
[PlyCount "43"]
[EventDate "2014.??.??"]
[WhiteTeam "TV Witzhelden"]
[BlackTeam "SG Solingen"]

1. e4 e5 2. Nf3 Nc6 3. d4 exd4 4. Nxd4 Bc5 5. Nf5 Nf6 6. Nc3 d6 7. Nxg7+ Ke7 8.
Bg5 Rg8 9. Nd5+ Kf8 10. Bxf6 Qd7 11. Nf5 Qe6 12. Qe2 Qe8 13. Nxc7 Qd7 14. Nxa8
Rg6 15. Bc3 Re6 16. O-O-O b6 17. Qh5 f6 18. Qh6+ Ke8 19. Ng7+ Kd8 20. Nxe6+
Qxe6 21. Bxf6+ Ke8 22. Nc7+ 1-0

[Event "Solingen-ch 2014"]
[Site "Solingen"]
[Date "2014.10.10"]
[Round "3.1"]
[White "Kniest, Oliver"]
[Black "Grah, Ulrich"]
[Result "1-0"]
[WhiteElo "2302"]
[BlackElo "1979"]
[WhiteTeam "SG Solingen"]
[BlackTeam "SG Solingen"]

1.d4 Nf6 2.c4 g6 3.Nc3 Bg7 4.e4 d6 5.f3 O-O 6.Be3 Nc6 7.Nge2 a6 8.Qd2 Rb8 
9.Rc1 e5 10.d5 Ne7 11.g4 Bxg4 12.fxg4 Nxg4 13.Ng3 f5 14.exf5 Nxf5 15.Bg5 
Qe8 16.Bh3 Nxg3 17.hxg3 Rf2 18.Qd1 Rh2 19.Rxh2 Nxh2 20.Qe2 1-0

[Event "Solingen-ch 2014"]
[Site "Solingen"]
[Date "2014.10.10"]
[Round "3.2"]
[White "Speck, Stefan"]
[Black "Peschel, Andreas"]
[Result "0-1"]
[WhiteElo "1981"]
[BlackElo "2117"]
[WhiteTeam "SC Solingen 28"]
[BlackTeam "SG Solingen"]

1.d4 d5 2.c4 c6 3.cxd5 cxd5 4.Nc3 Nf6 5.Nf3 g6 6.Bf4 Qb6 7.Qb3 Bg7 8.Nb5 
Na6 9.e3 Bf5 10.Nc7+ Nxc7 11.Qxb6 axb6 12.Bxc7 O-O 13.Bxb6 Nd7 14.Bc7 Rfc8
15.Bf4 Rc2 16.Nh4 Rxb2 17.Nxf5 gxf5 18.Bd3 Raxa2 19.Rxa2 Rxa2 20.O-O e6 
21.Rb1 Ra7 22.Kf1 Bf8 23.Bb5 Nf6 24.Bd3 Ra3 25.Ke2 Ra2+ 26.Ke1 Ng4 27.Be2 
Nf6 28.Rxb7 Ra1+ 29.Kd2 Ne4+ 30.Kc2 Ra2+ 31.Rb2 Rxb2+ 32.Kxb2 Nxf2 33.Kb3 
Ne4 34.Bh5 Bd6 35.g3 Bxf4 36.gxf4 Nd2+ 37.Kb4 Nf1 38.Kc5 Nxe3 39.Kd6 Kf8 
0-1

[Event "Solingen-ch 2014"]
[Site "Solingen"]
[Date "2014.10.10"]
[Round "3.3"]
[White "Zolfagharian, Kevin"]
[Black "Boschek, Dr. Hans-Joachim"]
[Result "1-0"]
[WhiteElo "2110"]
[BlackElo "1901"]
[WhiteTeam "SG Solingen"]
[BlackTeam "SG Solingen"]

1.e4 e5 2.Nf3 Nc6 3.Bc4 Bc5 4.c3 Nf6 5.d4 exd4 6.e5 d5 7.Bb5 Ne4 8.cxd4 
Bb6 9.Be3 O-O 10.O-O Bg4 11.Bxc6 bxc6 12.h3 Bxf3 13.Qxf3 f6 14.Qf5 Qe7 15.
Nc3 Nxc3 16.bxc3 fxe5 17.Qxe5 Qxe5 18.dxe5 Bxe3 19.fxe3 Rae8 20.Rxf8+ Kxf8
21.Rf1+ Ke7 22.Rb1 Kd7 23.Rb7 Rxe5 24.Kf2 Re4 25.Rxa7 Rc4 26.Ra3 Kd6 27.
Ke2 g5 28.g3 g4 29.h4 Rc5 30.Kd3 Rb5 31.Kc2 c5 32.Ra8 Ke5 33.a4 Rb6 34.a5 
Rf6 35.a6 Rf2+ 36.Kb3 c4+ 37.Kb4 Kd6 38.Rd8+ Kc6 39.a7 1-0

[Event "Solingen-ch 2014"]
[Site "Solingen"]
[Date "2014.10.10"]
[Round "3.4"]
[White "Kesseler, Heiko"]
[Black "Görke, Joachim"]
[Result "0-1"]
[WhiteElo "1947"]
[BlackElo "2090"]
[WhiteTeam "Elberfelder SG"]
[BlackTeam "SG Solingen"]

1.e4 e5 2.Nf3 Nc6 3.Bb5 g6 4.d4 exd4 5.Nxd4 Bg7 6.Be3 Nf6 7.Nc3 O-O 8.O-O 
Ne7 9.Nf3 c6 10.Ba4 d5 11.exd5 Nexd5 12.Nxd5 Qxd5 13.Bb3 Qxd1 14.Raxd1 Bg4
15.Bc5 Rfe8 16.Rd3 Ne4 17.Bd4 Bxd4 18.Rxd4 Bxf3 19.gxf3 Nc5 20.Bc4 b5 21.
b4 Ne6 22.Bxe6 Rxe6 23.Rc1 a5 24.a3 axb4 25.axb4 Ra2 26.Kf1 Rb2 27.Rf4 Kg7
28.Rh4 h5 29.Rd4 Kh6 30.f4 Kg7 31.h4 Re7 32.Rd6 Re4 33.f5 Rxh4 34.Ke2 Rc4 
35.Kd3 Rbxb4 36.fxg6 fxg6 37.Rg1 Rg4 38.Rxg4 Rxg4 39.Rxc6 h4 40.Ra6 Ra4 
41.Re6 Kf7 42.Re1 Kf6 43.Rb1 Rf4 44.Ke3 Rf5 45.f4 Rc5 46.Rb2 Kf5 47.Rb4 
Rc3+ 48.Kf2 Rxc2+ 49.Kf3 Rc3+ 50.Kg2 h3+ 51.Kh2 Kg4 52.f5+ Kxf5 53.Rxb5+ 
Kg4 54.Rb4+ Kh5 55.Rb8 g5 56.Rg8 Kh4 57.Rh8+ Kg4 58.Ra8 Rc2+ 59.Kh1 Kh4 
60.Kg1 g4 61.Kh1 g3 62.Ra4+ Kg5 63.Ra1 Kf4 64.Rf1+ Ke3 65.Re1+ Kd2 66.Rf1 
g2+ 0-1

[Event "Solingen-ch 2014"]
[Site "Solingen"]
[Date "2014.10.10"]
[Round "3.5"]
[White "Kopernok, Ingo"]
[Black "Pentz, Jörg"]
[Result "0-1"]
[WhiteElo "1267"]
[BlackElo "1946"]
[WhiteTeam "SG Solingen"]
[BlackTeam "vereinslos"]

1.d4 Nf6 2.Bf4 d6 3.Nf3 g6 4.e3 Bg7 5.Bd3 O-O 6.Nbd2 Nbd7 7.Qe2 Re8 8.
O-O-O e5 9.dxe5 dxe5 10.Bg3 e4 11.Bc4 exf3 12.Nxf3 Ne4 13.Qd3 Qf6 14.c3 
Ndc5 15.Qc2 Bf5 16.Bxc7 Ng3 17.Qd2 Nxh1 18.Rxh1 Ne4 19.Qe1 Rac8 20.Be5 
Rxe5 21.Nxe5 Qxe5 22.Bb3 Nxc3 23.bxc3 Rxc3+ 24.Kd1 Bg4+ 25.f3 Rxe3 26.Qd2 
Qa1+ 27.Qc1 Qd4+ 0-1

[Event "Solingen-ch 2014"]
[Site "Solingen"]
[Date "2014.10.10"]
[Round "3.6"]
[White "Wolff, Michael"]
[Black "Falge, Rainer"]
[Result "1-0"]
[WhiteElo "1958"]
[BlackElo "1721"]
[WhiteTeam "Ford SF Köln"]
[BlackTeam "SG Solingen"]

1.d4 d6 2.c4 Nf6 3.Nc3 g6 4.e4 Bg7 5.Nf3 O-O 6.Be2 Bg4 7.h3 Bxf3 8.Bxf3 c6
9.O-O Nbd7 10.Be3 e5 11.dxe5 dxe5 12.b4 b6 13.Qd6 Nxe4 14.Bxe4 1-0

[Event "Solingen-ch 2014"]
[Site "Solingen"]
[Date "2014.10.10"]
[Round "3.8"]
[White "Bauer, Matthias"]
[Black "Große-Hering, Peter"]
[Result "0-1"]
[WhiteElo "1692"]
[BlackElo "1936"]
[WhiteTeam "SV Günnigfeld"]
[BlackTeam "SV Horst-Emscher"]

1.c4 Nf6 2.b3 g6 3.Bb2 Bg7 4.Nc3 e5 5.e3 O-O 6.Nge2 d6 7.g3 c6 8.Bg2 Re8 
9.O-O Nbd7 10.d4 e4 11.Qc2 Qe7 12.Rac1 Nf8 13.d5 c5 14.h3 h5 15.Nb1 Bf5 
16.Nd2 N8h7 17.Nc3 Ng5 18.Kh2 h4 19.Ne2 Qd7 20.Bxf6 Bxf6 21.Nf4 Kg7 22.g4 
Bxg4 23.hxg4 Qxg4 24.Qd1 Qf5 25.f3 exf3 26.Nxf3 Rxe3 27.Nxh4 Rh8 28.Nh5+ 
Rxh5 29.Rxf5 Rxh4+ 30.Kg1 gxf5 31.Kf1 Rf4+ 32.Kg1 Bd4 0-1

[Event "Solingen-ch 2014"]
[Site "Solingen"]
[Date "2014.10.10"]
[Round "3.9"]
[White "Vranidis, Athanassios"]
[Black "Reif, Frank"]
[Result "1/2-1/2"]
[WhiteElo "1890"]
[BlackElo "1752"]
[WhiteTeam "SG Solingen"]
[BlackTeam "TV Witzhelden"]

1.d4 Nf6 2.c4 g6 3.Nc3 Bg7 4.e4 d6 5.Nf3 O-O 6.Be2 Nbd7 7.O-O e5 8.dxe5 
dxe5 9.Bg5 h6 10.Be3 c6 11.h3 Qe7 12.Ne1 Nc5 13.Qc2 Ne6 14.Rd1 Nf4 15.Nd3 
Nxe2+ 16.Qxe2 Rd8 1/2-1/2

[Event "Solingen-ch 2014"]
[Site "Solingen"]
[Date "2014.10.10"]
[Round "3.12"]
[White "Alexopoulos, Dr. Spiros"]
[Black "Meckel, Helmut"]
[Result "0-1"]
[WhiteElo "1745"]
[BlackElo "1832"]
[WhiteTeam "Aachener SV"]
[BlackTeam "SG Solingen"]

1.c4 e6 2.e4 c5 3.Nc3 Nc6 4.g3 Nf6 5.Bg2 d6 6.Nge2 Be7 7.d3 Bd7 8.h3 h5 9.
Be3 Qc8 10.f4 e5 11.f5 a6 12.Qd2 Rb8 13.Nd5 Nxd5 14.cxd5 Nd4 15.Rc1 Qd8 
16.O-O b5 17.Rf2 Rc8 18.b3 a5 19.h4 b4 20.Nxd4 cxd4 21.Bg5 f6 22.Be3 dxe3 
23.Qxe3 Rxc1+ 24.Qxc1 Qb6 25.Bf1 Qc5 26.Qd1 Bd8 27.Kg2 Bb6 28.Re2 Qg1+ 29.
Kf3 O-O 30.Qe1 Bb5 31.Rg2 Qd4 32.g4 Rc8 33.gxh5 Bxd3 34.Bxd3 Qxd3+ 35.Kg4 
Rc3 36.Qg3 Qxg3+ 37.Rxg3 Rxg3+ 38.Kxg3 Kh7 39.Kf3 Kh6 40.Ke2 Kxh5 0-1

[Event "Solingen-ch 2014"]
[Site "Solingen"]
[Date "2014.10.10"]
[Round "3.13"]
[White "Kaiser, Stephan"]
[Black "Skiber, Friedel"]
[Result "1/2-1/2"]
[WhiteElo "1467"]
[BlackElo "1737"]
[WhiteTeam "SG Solingen"]
[BlackTeam "SG Solingen"]

1.d4 Nf6 2.c4 g6 3.Nc3 Bg7 4.Bg5 h6 5.Bf4 Nh5 6.Bg3 c5 7.e3 O-O 8.Nf3 Nc6 
9.Be2 cxd4 10.exd4 Qb6 11.Be5 Nxe5 12.Nxe5 Nf4 13.O-O Qxb2 14.Rc1 Nxe2+ 
15.Qxe2 Qxe2 16.Nxe2 d6 17.Nd3 b6 18.Rfe1 Bf5 19.Ndf4 Rac8 20.Red1 h5 21.
d5 Rc7 22.Nd4 Bd7 23.Nb5 Rb7 24.h3 a6 25.Nd4 e5 26.dxe6 fxe6 27.Ndxe6 Rf6 
28.Nxg7 Rxf4 29.Nxh5 gxh5 30.Rxd6 Kf7 31.c5 bxc5 32.Rxc5 h4 33.Rxa6 Rb1+ 
34.Kh2 Rb2 35.Ra7 Rd2 36.Rh5 Kg6 37.Rh8 Rfxf2 38.Rg8+ Kf7 39.Rg5 Kf6 40.
Rg8 Be6 41.Ra6 Ke5 42.Rg5+ Kf4 43.Rg6 Bd5 44.Ra4+ Be4 45.Rg4+ Kf5 46.Raxe4
Rxa2 47.Rxh4 Rxg2+ 48.Kh1 Rh2+ 49.Kg1 Rhg2+ 50.Kh1 Rh2+ 51.Kg1 Rag2+ 52.
Kf1 Rf2+ 53.Kg1 1/2-1/2

[Event "Solingen-ch 2014"]
[Site "Solingen"]
[Date "2014.10.10"]
[Round "3.14"]
[White "Müller, Ernst"]
[Black "Möller, Laura"]
[Result "0-1"]
[WhiteElo "1728"]
[BlackElo "1163"]
[WhiteTeam "SG Solingen"]
[BlackTeam "SG Solingen"]

1.e4 c5 2.Nf3 Nc6 3.d4 cxd4 4.Nxd4 g6 5.c3 Bg7 6.Be3 Nf6 7.Nxc6 bxc6 8.Bd3
O-O 9.h3 d5 10.Nd2 e5 11.f4 exf4 12.Bxf4 d4 13.c4 Re8 14.Qc2 Nd7 15.O-O 
Nc5 16.b4 Nxd3 17.Qxd3 a5 18.Qb3 d3 19.Rac1 Qd4+ 20.Kh1 axb4 21.Rf3 Rd8 
22.c5 Ra3 23.Be3 Qb2 24.Qxf7+ Kh8 25.Nc4 Qxa2 26.Qe7 Rg8 27.Rf2 Ra7 28.Qd6
Qb3 29.Qxc6 Ra1 30.Rff1 Rxc1 31.Rxc1 Bc3 32.Nd6 d2 33.Rxc3 d1=Q+ 34.Kh2 
Qxc3 35.Bh6 Qf6 36.Qc7 Qe5+ 37.g3 Qb2+ 0-1

[Event "Solingen-ch 2014"]
[Site "Solingen"]
[Date "2014.10.10"]
[Round "3.15"]
[White "Mix, Lothar"]
[Black "Mentzel, Markus"]
[Result "0-1"]
[WhiteElo "1293"]
[BlackElo "1952"]
[WhiteTeam "SG Solingen"]
[BlackTeam "SG Solingen"]

1.e4 c6 2.d4 d5 3.Nc3 dxe4 4.Nxe4 Nd7 5.Bc4 Ngf6 6.Qe2 Nxe4 7.Qxe4 Nf6 8.
Qh4 Bf5 9.c3 e6 10.f3 Be7 11.g4 Nxg4 12.Qg3 Bh4 13.fxg4 Bxg3+ 14.hxg3 Bxg4
15.Be2 Bxe2 16.Nxe2 Qe7 17.Bf4 O-O-O 18.b4 f6 19.Be3 g5 20.a3 h5 21.c4 h4 
22.g4 Qh7 23.Rf1 Qe4 24.Kd2 Rhf8 25.Nc3 Rxd4+ 26.Bxd4 Qxd4+ 27.Kc2 Qxg4 
28.Rae1 Qxc4 29.Kb2 f5 30.Rc1 Rd8 31.Rf2 Rd3 32.Rfc2 Qd4 33.Kb1 a6 34.b5 
axb5 35.Ne2 Rb3+ 36.Ka2 Qa4 37.Rxc6+ bxc6 38.Rxc6+ Kb7 0-1

[Event "Solingen-ch 2014"]
[Site "Solingen"]
[Date "2014.10.10"]
[Round "3.16"]
[White "Ferger, Jürgen"]
[Black "Ehringfeld, Michael"]
[Result "1-0"]
[WhiteElo "1822"]
[BlackElo "1428"]
[WhiteTeam "SG Solingen"]
[BlackTeam "SG Solingen"]

1.Nf3 d5 2.g3 Nf6 3.Bg2 e6 4.O-O Bd6 5.d3 Nbd7 6.c4 c6 7.cxd5 cxd5 8.Nc3 
O-O 9.e4 a6 10.Qe2 Rb8 11.e5 d4 12.Nd1 Be7 13.exf6 Nxf6 14.Bf4 Bd6 15.Bxd6
Qxd6 16.Rc1 Re8 17.Qe5 Rd8 18.b3 b5 19.Qxd6 Rxd6 20.Ne5 Nd5 21.Nc6 Rb6 22.
Bxd5 Bd7 23.Ne7+ Kf8 24.Nc8 Bxc8 25.Rxc8+ Ke7 26.Bg2 a5 27.Nb2 f6 28.Rfc1 
f5 29.R1c7+ Kf6 30.Ra8 a4 31.bxa4 bxa4 32.Nc4 Rb1+ 33.Bf1 Rd5 34.Rxa4 f4 
35.Nd2 Rb2 36.Ne4+ Kg6 37.gxf4 Rf5 38.Raa7 Rxf4 39.Rxg7+ Kf5 40.Rg5# 1-0

[Event "Solingen-ch 2014"]
[Site "Solingen"]
[Date "2014.10.10"]
[Round "3.18"]
[White "Littek, Oliver"]
[Black "Barche, Robert"]
[Result "1/2-1/2"]
[WhiteElo "972"]
[BlackElo "1350"]
[WhiteTeam "SG Solingen"]
[BlackTeam "SG Solingen"]

1.e4 e6 2.Nc3 d5 3.d4 Nf6 4.Bd3 c5 5.exd5 cxd4 6.Nce2 Nxd5 7.Nxd4 Bc5 8.
Ngf3 Qb6 9.Be3 Nxe3 10.fxe3 e5 11.Nxe5 Bxd4 12.exd4 O-O 13.c3 Qxb2 14.O-O 
Qxc3 15.Bc4 Be6 16.Bxe6 fxe6 17.Rxf8+ Kxf8 18.Qf1+ Ke7 19.Qf7+ Kd6 20.Rb1 
Qxd4+ 21.Kf1 Kxe5 22.Re1+ Kd5 23.Qxb7+ Kc5 24.Qxa8 Qc4+ 25.Kg1 Nc6 26.Qc8 
e5 27.Rxe5+ Kd6 28.Re1 Qd5 29.Qf8+ Kc7 30.Qxg7+ Kd6 31.Qxh7 a5 32.Qg6+ Kc7
33.Rc1 a4 34.h4 Qd4+ 35.Kf1 Qf4+ {(56 Züge)} 1/2-1/2

[Event "Solingen-ch 2014"]
[Site "Solingen"]
[Date "2014.10.10"]
[Round "3.19"]
[White "Schubert, Florian"]
[Black "Schubert, Stefan"]
[Result "1-0"]
[WhiteElo "971"]
[BlackElo "1185"]
[WhiteTeam "SG Solingen"]
[BlackTeam "SG Solingen"]

1.e4 e6 2.d4 d5 3.e5 c5 4.Be3 Nc6 5.Bb5 Qa5+ 6.Nc3 Bd7 7.dxc5 Nxe5 8.a3 
Bxb5 9.b4 Qd8 10.Nxb5 a6 11.Nc3 Nf6 12.Nf3 Nc6 13.O-O Be7 14.Na4 Nd7 15.
Qe1 h6 16.Bf4 g5 17.Qc3 Bf6 18.Be5 Bxe5 19.Nxe5 Ncxe5 20.Nb6 Nxb6 21.Qxe5 
Ke7 22.cxb6 Qxb6 23.Rac1 Qd6 24.Qd4 Rhg8 25.c4 Qf4 26.Qc5+ Qd6 27.cxd5 
exd5 28.Qc7+ Qd7 29.Rfe1+ 1-0

[Event "Solingen-ch 2014"]
[Site "Solingen"]
[Date "2014.10.24"]
[Round "4.1"]
[White "Peschel, Andreas"]
[Black "Kniest, Oliver"]
[Result "1/2-1/2"]
[WhiteElo "2117"]
[BlackElo "2302"]
[PlyCount "38"]
[EventDate "2014.??.??"]
[EventType "swiss"]
[EventRounds "7"]
[EventCountry "GER"]
[WhiteTeam "SG Solingen"]
[BlackTeam "SG Solingen"]

1. d4 e6 2. e4 d5 3. exd5 exd5 4. Bd3 Nc6 5. c3 Bd6 6. Ne2 Nf6 7. Bf4 Bg4 8. f3
Bh5 9. Nd2 O-O 10. O-O Re8 11. Bxd6 Qxd6 12. Re1 Re7 13. Nf1 Rae8 14. Qd2 Bg6
15. Bxg6 hxg6 16. Neg3 Na5 17. b3 b6 18. Rxe7 Rxe7 19. Re1 Kf8 1/2-1/2

[Event "Solingen-ch 2014"]
[Site "Solingen"]
[Date "2014.10.24"]
[Round "4.2"]
[White "Görke, Joachim"]
[Black "Zolfagharian, Kevin"]
[Result "1/2-1/2"]
[WhiteElo "2090"]
[BlackElo "2110"]
[PlyCount "74"]
[EventDate "2014.??.??"]
[EventType "swiss"]
[EventRounds "7"]
[EventCountry "GER"]
[WhiteTeam "SG Solingen"]
[BlackTeam "SG Solingen"]

1. d4 d5 2. c4 c6 3. Nf3 Nf6 4. e3 Bg4 5. Qb3 Qb6 6. Qxb6 axb6 7. Ne5 Bf5 8.
Nc3 e6 9. Be2 Bd6 10. g4 Bc2 11. f4 Na6 12. Bd2 Ne4 13. Rc1 Nxc3 14. Bxc3 Be4
15. O-O Nb4 16. Bxb4 Bxb4 17. Ra1 c5 18. cxd5 exd5 19. Bf3 Bd2 20. Bxe4 Bxe3+
21. Kh1 dxe4 22. dxc5 Bxc5 23. Rfe1 Ra4 24. b3 Rd4 25. Nf3 Rb4 26. a3 Rxb3 27.
Rxe4+ Kf8 28. Rd1 g6 29. Ng5 Be7 30. Rd7 Bxg5 31. fxg5 Kg7 32. Rf4 Rf8 33. Rxb7
Rxa3 34. Rxb6 Ra5 35. h4 Ra3 36. Kg2 Rc8 37. Rbf6 Rc2+ 1/2-1/2

[Event "Solingen-ch 2014"]
[Site "Solingen"]
[Date "2014.10.24"]
[Round "4.3"]
[White "Pentz, Jörg"]
[Black "Speck, Stefan"]
[Result "1/2-1/2"]
[WhiteElo "1946"]
[BlackElo "1981"]
[PlyCount "129"]
[EventDate "2014.??.??"]
[EventType "swiss"]
[EventRounds "7"]
[EventCountry "GER"]
[WhiteTeam "vereinslos"]
[BlackTeam "SC Solingen 28"]

1. e4 Nf6 2. Nc3 d5 3. e5 d4 4. exf6 dxc3 5. bxc3 exf6 6. d4 Bd6 7. Qe2+ Be7 8.
Be3 O-O 9. Rb1 c5 10. Qd2 cxd4 11. cxd4 Nc6 12. Bd3 Qd5 13. Nf3 Bg4 14. c4 Qh5
15. Rb5 Bb4 16. Rxb4 Nxb4 17. Qxb4 Bxf3 18. gxf3 Qxf3 19. Rg1 Rfe8 20. Be2 Qe4
21. d5 Qe5 22. Kd2 b5 23. Qc3 Qxh2 24. Rg3 Qh4 25. c5 Qe4 26. Bf3 Qb1 27. Qb3
Qf1 28. Be2 Qa1 29. d6 Rad8 30. Rg4 Qe5 31. Bxb5 Rb8 32. Rb4 Rf8 33. Bc4 Rxb4
34. Qxb4 h5 35. Bb3 g5 36. Qc4 h4 37. d7 h3 38. Qxf7+ Rxf7 39. d8=Q+ Kg7 40.
Bxf7 Kxf7 41. Qd7+ Kg6 42. Qxh3 Qb2+ 43. Ke1 Qb1+ 44. Ke2 Qxa2+ 45. Kf1 Qc4+
46. Kg2 f5 47. Qf3 f4 48. Qc6+ Kf5 49. Qd7+ Kg6 50. Qd6+ Kh5 51. Qd4 Qe2 52.
Qh8+ Kg6 53. Qg8+ Kh6 54. Qe6+ Kh5 55. Qf7+ Kh6 56. Qf6+ Kh5 57. Bd4 Qe4+ 58.
Kh2 Kg4 59. c6 Qh7+ 60. Kg2 Qh3+ 61. Kg1 Qd3 62. Qe6+ Kh4 63. Qh6+ Kg4 64. Qe6+
Kh4 65. Qh6+ 1/2-1/2

[Event "Solingen-ch 2014"]
[Site "Solingen"]
[Date "2014.10.24"]
[Round "4.4"]
[White "Grah, Ulrich"]
[Black "Große-Hering, Peter"]
[Result "1/2-1/2"]
[WhiteElo "1979"]
[BlackElo "1936"]
[PlyCount "61"]
[EventDate "2014.??.??"]
[EventType "swiss"]
[EventRounds "7"]
[EventCountry "GER"]
[WhiteTeam "SG Solingen"]
[BlackTeam "SV Horst-Emscher"]

1. e4 d6 2. d4 Nf6 3. Nc3 g6 4. Bg5 c6 5. Qd2 b5 6. Bd3 Nbd7 7. Nge2 Bg7 8. O-O
h6 9. Bh4 e5 10. f3 O-O 11. Nd1 exd4 12. Nxd4 Qb6 13. Bf2 Ng4 14. fxg4 Bxd4 15.
Qxh6 Ne5 16. h3 Be6 17. Bxd4 Qxd4+ 18. Qe3 Qb4 19. a3 Qa5 20. Nf2 c5 21. b4
cxb4 22. axb4 Qxb4 23. Rfb1 Qc3 24. Nd1 Qc7 25. Rxb5 a5 26. Qb6 Qxb6+ 27. Rxb6
Rfd8 28. Nc3 Bc4 29. Bf1 Bxf1 30. Kxf1 Nc4 31. Rb5 1/2-1/2